El Segundo centenario del nacimiento del escultor Damián Campeny
Publicado:
San Jorge, núm. 77 (1r trimestre 1970), pàg 55 :
Materias:
Campeny Estrany, Damià
MARC
| LEADER | 00000nam a2200000Ia 4500 | ||
|---|---|---|---|
| 001 | |||
| 008 | 160829s9999 xx 000 0 cat d | ||
| 245 | |a El Segundo centenario del nacimiento del escultor Damián Campeny | ||
| 260 | |a San Jorge, núm. 77 (1r trimestre 1970), pàg 55 | ||
| 650 | |a Campeny Estrany, Damià |9 40164 | ||
| 901 | |a Arxiu | ||
| 942 | |n 1 | ||
| 952 | |0 0 |1 0 |4 0 |7 1 |9 49597 |a Arxiu |b Arxiu |d 2016-12-01 |l 0 |r 2016-12-01 00:00:00 |w 2016-12-01 |y ARXIU | ||
| 999 | |c 53439 |d 53439 | ||